| 000 | 00355nam a22001457a 4500 | ||
|---|---|---|---|
| 003 | SGT | ||
| 020 | _a9781461361411 | ||
| 082 | _a624,JAW | ||
| 100 | _aJAWAD MAAN H. | ||
| 245 | _aTHEORY AND DESIGN OF PLATE & SHELL STRUCTURES | ||
| 260 |
_aSPRINGE _bSCIENCE BUSINESS MEDIA B.V. _c1994 |
||
| 300 | _a423 | ||
| 650 | _aCIVIL ENGINEERING | ||
| 942 |
_2ddc _cBK |
||
| 999 |
_c25829 _d25829 |
||